| 000 | 00533cam a2200145 4500 | ||
|---|---|---|---|
| 082 |
_a624.1771 _bBIS _cL-20, P-30 |
||
| 100 | 1 |
_aBishop, Carlton Thomas, _942934 |
|
| 245 | 1 | 0 |
_aProblems in structural design, _bby Carlton Thomas Bishop. |
| 260 |
_aNew York, _bJ. Wiley & sons, inc.; _aLondon, _bChapman & Hall, limited, _c1927. |
||
| 300 |
_a2 p. l., iii-v, 60 p. _billus., diagrs. _c21 x 27 cm. |
||
| 526 |
_a0 _b0 _c0 _d624_177100000000000_BIS |
||
| 650 | 0 |
_aMCE _9379 |
|
| 650 | 0 |
_aStructural analysis (Engineering) _9654 |
|
| 942 |
_2ddc _cBK |
||
| 999 |
_c546736 _d546736 |
||